| 000 | 00726nam a2200193 a 4500 | ||
|---|---|---|---|
| 008 | 100120s2003 ||||||||||||||||| || u | ||
| 020 | _a0813829577 | ||
| 050 | _aHG 6047.G8 Sta | ||
| 100 | _aStasko, Gary F | ||
| 245 | 1 | 0 | _aMarketing grain and livestock. -- 2nd ed. |
| 250 | _a2nd ed. | ||
| 260 |
_aAmes, Iowa: _bIowa State Press _c2003 |
||
| 300 | _axi, 273p.; ill. | ||
| 350 | _a0.00 | ||
| 650 | _aGRAIN TRADE--UNITED STATES--MARKETING | ||
| 650 | 0 | _aMARKETING--MANAGEMENT--CASE STUDIES | |
| 650 | _aANIMAL INDUSTRY--UNITED STATES--MARKETING | ||
| 995 |
_D0.00 _FCBU-MAIN LIBRARY (Kitwe) _H1 _I0.00 _M1 _UAVAILABLE _WFeb 19, 2010 _ZAnnex Low-Usage Collection |
||
| 999 |
_c50440 _d50440 |
||